00843nam a22002297a 450000500170000001000140001702000230003102000260005403500130008003700130009308200130010610000290011924501330014826000550028127000270033630000240036370000340038770000220042194200270044399900170047095201260048720100724104234.0 aENG-96793 a8187710187c300.00 a9788187710189c300.00 aEN-80326 bDBAD/PUB a280.5172 aSavarkar, Ganesh Damodar aJesus, the christ was a Hinducby Ganesh Damodar Savarkar [and] Alias Babarao Savarkar ; translated into english by P V Vartak aHaryanabIndian foundation for vedic sciencec2003 a1051, sector-1, Rohtak a162 p.c21 cm (pbk) aSavarkar, Alias Babarao91138 aVartak, P V91139 2ddccENh280.5172mSAV c37482d37482 001040718NFICaDBADbDBADd2010-07-29eDBAD/PUBg300.00l0o280.5172 SAVpEN-80326r2010-07-29 00:00:00t1v300.00yEN